Statistiques concernant Trouve les paroles - A corps perdu - Grégory Lemarchal

Cliquez ici pour prendre le quiz!

Statistiques générales

  • Ce quiz a été pris 67 fois
  • Le résultat moyen est 178 sur 219

Statistiques - réponses

Réponse% Correct
A
98%
de
96%
De
96%
perdu
96%
corps
94%
et
93%
Et
93%
Je
93%
le
93%
ne
93%
des
91%
du
91%
la
91%
Pour
91%
pour
91%
si
89%
Si
89%
vie
89%
Les
87%
les
87%
plus
87%
sans
87%
cause
85%
d'un
85%
libre
85%
nous
85%
pantin
85%
Puisque
85%
qu'une
85%
un
85%
avoir
83%
est
83%
ivre
83%
n'est
83%
perdue
83%
filets
81%
hasard
81%
moins
81%
n'être
81%
nos
81%
On
81%
on
81%
pas
81%
retiennent
81%
sous
81%
cru
80%
d'y
80%
espoir
80%
mon
80%
Mon
80%
Que
80%
brûler
78%
Comme
78%
raisons
78%
rien
78%
ailes
76%
âme
76%
s'y
76%
au
74%
ma
74%
74%
partirai
74%
une
74%
coeur
72%
départ
72%
enchaînent
72%
nouveau
72%
remparts
72%
enfin
70%
erreurs
70%
l'on
70%
routes
70%
serai
70%
dresse
69%
l'aube
69%
n'apprend
69%
étendard
67%
histoire
67%
n'avoir
67%
perdues
67%
puisqu'on
67%
suivre
67%
vécu
67%
ciel
65%
fard
65%
s'égare
65%
sont
65%
brille
63%
causes
63%
jamais
63%
tous
63%
victoire
63%
hommes
61%
j'écrirai
61%
meurent
61%
Soldats
61%
suivrai
61%
vaincus
61%
guerre
59%
mêmes
59%
vies
59%
chemins
57%
ramènent
57%
toutes
57%
n'atteint
56%
destins
54%
ivres
54%
brû;er
22%

Distribution des résultats

Percentile par nombre de réponses

% des personnes avec chaque résultat

Votre développement - résultats

Vous n’avez pas pris ce quiz